000
00324 a2200157 4500
001
69011
020
_a
040
_c
Anchieta - Itaigara
100
_a
Heine, Palmira
240
1
0
_a
Meu planeta azul
_l
por
245
1
0
_a
Meu planeta azul
300
_a
23
362
0
_a
2007
650
4
_a
Literatura infantil
942
_c
BK
999
_c
69011
_d
69011